| 000 | 00776cab a2200253 4500 | ||
|---|---|---|---|
| 001 | ABS54965 | ||
| 008 | 090401t1996 xxu||||| |||| 00| 0 eng d | ||
| 035 | _a(Sirsi) u13400 | ||
| 041 | _aeng | ||
| 110 |
_aNational Federation of Housing Associations _9959 |
||
| 245 | _aHousing for older people | ||
| 260 | _c1996 | ||
| 350 | _a0 | ||
| 490 |
_aHA Weekly _v(455) 12 April 1996, 21-24(4) |
||
| 520 | _aOutlines Housing Corporation strategies on housing for older people, including home improvements, sheltered housing and care strategies. | ||
| 650 | _aELDERLY PEOPLE | ||
| 650 | _aHOUSING ADAPTATION GRANTS | ||
| 650 | _aHOUSING CORPORATION | ||
| 650 | _aSHELTERED HOUSING | ||
| 650 | _aSOCIAL HOUSING | ||
| 690 | _aHOUSING | ||
| 942 | _n0 | ||
| 948 | _c04/03/1997 | ||
| 999 |
_c8642 _d8642 |
||